Detalles MARC
| 000 -LEADER |
| fixed length control field |
01480 am a2200361 a 4500 |
| 005 - FECHA ULTIMA MODIFICACION |
| control field |
20240524085625.0 |
| 008 - CAMPO DE CONTROL (LIBRO) |
| fixed length control field |
100427s2009||||mx a f |||| 001 0 spa d |
| 020 ## - INTERNATIONAL STANDARD BOOK NUMBER |
| ISBN |
9786077504269 |
| 041 ## - CODIGO DE IDIOMA |
| Código de idioma del texto/pista de sonido o título separado |
spa |
| 092 ## - SIGNATURA TOPOGRAFICA DEWEY LOCAL |
| número de clasificación |
614.772 |
| libristica |
13 |
| sección |
COR |
| 100 1# - ENTRADA PRINCIPAL--NOMBRE PERSONAL |
| Nombre personal |
Córdova Villalobos, José Ángel. |
| 9 (RLIN) |
584 |
| 245 #3 - TITULO PROPIAMENTE DICHO |
| Título |
La salud de los mexicanos 2007-2012 / |
| Mención de responsabilidad y remanente de la transcripción de la portada |
José Ángel Córdova Villalobos. |
| 250 ## - MENCION DE EDICION |
| Mención de edición |
1a ed. |
| Mención de responsabilidad relacionada con la ed. |
Colección Platino Academia Mexicana de Cirugía |
| 260 ## - PIE DE IMPRENTA |
| Lugar de publicación, distribución, etc |
México: |
| Nombre de la editorial, distribuidor, etc |
Alfil; |
| Fecha de publicación |
2009. |
| 300 ## - DESCRIPCION FISICA |
| Extension |
236 p. |
| 500 ## - NOTA GENERAL |
| Nota general |
Córdova Villalobos, J. (2009). La salud de los mexicanos 2007-2012. (1a ed.). México : Alfil. |
| 590 ## - NOTAS LOCALES (RLIN) |
| Nota local |
Donación Academia Mexicana de Cirugía, 2010 |
| 653 ## - TÉRMINO INDIZADO - PALABRAS CLAVES |
| Palabra clave |
Sistema de salud en México |
| 653 ## - TÉRMINO INDIZADO - PALABRAS CLAVES |
| Palabra clave |
Promoción de la salud y la prevención de enfermedades |
| 653 ## - TÉRMINO INDIZADO - PALABRAS CLAVES |
| Palabra clave |
Evaluación económica para las políticas de financiamiento en salud |
| 653 ## - TÉRMINO INDIZADO - PALABRAS CLAVES |
| Palabra clave |
Sistema de información en salud 2006-2012 |
| 653 ## - TÉRMINO INDIZADO - PALABRAS CLAVES |
| Palabra clave |
Atención de riesgos sanitariosen México: COFEPRIS |
| 653 ## - TÉRMINO INDIZADO - PALABRAS CLAVES |
| Palabra clave |
Hospitales de alta complejidad |
| 653 ## - TÉRMINO INDIZADO - PALABRAS CLAVES |
| Palabra clave |
Institutos nacionales de salud |
| 653 ## - TÉRMINO INDIZADO - PALABRAS CLAVES |
| Palabra clave |
Salud internacional |
| 653 ## - TÉRMINO INDIZADO - PALABRAS CLAVES |
| Palabra clave |
Ventanillas de salud |
| 653 ## - TÉRMINO INDIZADO - PALABRAS CLAVES |
| Palabra clave |
Unidades médicas de especialidades |
| 653 ## - TÉRMINO INDIZADO - PALABRAS CLAVES |
| Palabra clave |
Fortalecimiento de la Comisión Nacional de Arbitraje Médico |
| 653 ## - TÉRMINO INDIZADO - PALABRAS CLAVES |
| Palabra clave |
Comunicación en materia de salud |
| 653 ## - TÉRMINO INDIZADO - PALABRAS CLAVES |
| Palabra clave |
Cobertura universal en salud. Sistema de protección social en salud |
| 930 ## - NUMERO DE INVENTARIO |
| Número de inventario |
2096 |
| 942 ## - ADDED ENTRY ELEMENTS (KOHA) |
| Source of classification or shelving scheme |
Dewey Decimal Classification |
| Item type |
Libros |